| 000 | 01014nam a2200277 i 4500 | ||
|---|---|---|---|
| 005 | 20250228202537.0 | ||
| 008 | 250228t1994 mx o gr 001 0 spa d | ||
| 040 |
_aCO-PeBPR _cCO-PeBPR _erda |
||
| 041 | _aspa | ||
| 082 | 0 | 4 |
_a784.498 _bD542c |
| 100 | 1 |
_954620 _aDíaz-Bolio, José _eautor |
|
| 245 | 1 | 0 |
_aCancionero de Ricardo Palmerín _cJosé Díaz-Bolio |
| 264 | 1 |
_aMérida (Yucatán, México) _bJ. Díaz-Bolio _c1994 |
|
| 300 |
_a40 páginas _bfotografía _c16 cm |
||
| 336 |
_aTexto _btxt _2rdacontent |
||
| 337 |
_aSin mediación _bn _2rdamedia |
||
| 338 |
_aVolumen _bnc _2rdacarrier |
||
| 500 | _aContiene índice | ||
| 650 | 0 |
_954621 _aCanciones Folclóricas Mexicanas |
|
| 650 | 0 |
_950442 _aMúsica Popular _zMéxico |
|
| 650 | 0 |
_954622 _aCanciones Folclóricas Yucatecos |
|
| 650 | 0 |
_954623 _aCompositores de Música Mexicana |
|
| 650 | 0 |
_954624 _aCompositores Yucatecos |
|
| 830 | _aColección Musical - Eduardo González | ||
| 942 |
_2ddc _cBK _h784.498 D542c _k784.498 _mD542c |
||
| 999 |
_c17648 _d17648 |
||